Código completo de la casa y de las comunidades de propietarios (Registro nro. 117982)

Detalles MARC
000 -LEADER
campo de control de longitud fija 00733nam a2200217 4500
001 - NÚMERO DE CONTROL
campo de control 117982
003 - IDENTIFICADOR DE NÚMERO DE CONTROL
campo de control ES-MaACL
005 - FECHA Y HORA DE LA ÚLTIMA TRANSACCIÓN
campo de control 20250827062621.0
007 - CAMPO FIJO DE DESCRIPCIÓN FÍSICA--INFORMACIÓN GENERAL
campo de control de longitud fija t|
008 - DATOS DE LONGITUD FIJA--INFORMACIÓN GENERAL
campo de control de longitud fija 070214s1979 sp r ||||1| spa d
080 ## - NÚMERO DE LA CLASIFICACIÓN DECIMAL UNIVERSAL
Número de la Clasificación Decimal Universal 347.238.31(46)"19"(094.5)
110 1# - ENTRADA PRINCIPAL--NOMBRE DE ENTIDAD CORPORATIVA
Nombre de entidad corporativa o nombre de jurisdicción como elemento de entrada España
9 (RLIN) 3622
245 10 - MENCIÓN DEL TÍTULO
Título Código completo de la casa y de las comunidades de propietarios
Resto del título : comentado con las sentencias del Tribunal Supremo /
Mención de responsabilidad, etc. Antonio Para Martín.
250 ## - MENCION DE EDICION
Mención de edición 3ª ed.
260 ## - PUBLICACIÓN, DISTRIBUCIÓN, ETC.
Lugar de publicación, distribución, etc. Barcelona :
Nombre del editor, distribuidor, etc. De Vecchi,
Fecha de publicación, distribución, etc. 1979.
300 ## - DESCRIPCIÓN FÍSICA
Extensión 853 p. ;
Dimensiones 18 cm.
650 #4 - PUNTO DE ACCESO ADICIONAL DE MATERIA--TÉRMINO DE MATERIA
Término de materia o nombre geográfico como elemento de entrada Comunidades de propietarios-
Subdivisión geográfica España-
Subdivisión de forma Legislación.
9 (RLIN) 138892
700 0# - ENTRADA AGREGADA--NOMBRE PERSONAL
Nombre de persona Para Martín, Antonio.
9 (RLIN) 88900
852 ## - LOCALIZACIÓN
Ubicación ES-MaACL
Número de control de estantería A-10261
Sublocalización o colección R.99595
Existencias
Estatus retirado Estado de pérdida Estado de daño No para préstamo Biblioteca de origen Biblioteca actual Ubicación en estantería Fecha de adquisición Fuente de adquisición Total de préstamos Signatura topográfica completa Código de barras Visto por última vez Precio de reemplazo Tipo de ítem Koha
        Biblioteca del Ateneo de Madrid Biblioteca del Ateneo de Madrid Depósito 1 17/01/2008     A-10261 1122997 23/02/2023 23/02/2023 Libro impreso